000 00905nam a2200265 a 4500
001 BRCA_6486
005 20190320205457.0
008 240911s1951----nyua######---#000-0#eng-#
041 _aeng
044 _anyu
050 4 _aNB811.C3
_b.P76 4 1951
100 1 _aProske, Beatrice Gilman
_916207
245 1 0 _aCastilian sculpture
_bGothic and Renaissance
_cBeatrice Gilman Proske.
260 _aNueva York
_bOrder of the Trustees
_c1951
300 _aix, 525 p.
_bil.
_c26 cm.
440 0 _aHispanic notes & monographs: essays, studies, and brief biographies issued by the Hispanic Society of America
_pPeninsular series
_916208
500 _aIncluye índice alfabético
500 _aEjemplar igual a M82, M83 y M84
500 _aN23
504 _aBibliografía: p. 499-509
650 1 4 _aEscultura
_zCastilla, España
_916209
650 1 4 _aEscultura
_zEspaña
_99315
902 _aGFM
942 _2lcc
_cB
999 _c6170
_d6170